| 000 | 00729nam a2200253Ia 4500 | ||
|---|---|---|---|
| 003 | OSt | ||
| 005 | 20220928111205.0 | ||
| 006 | a|||||r|||| 00| 0 | ||
| 007 | ta | ||
| 008 | 220927b |||||||| |||| 00| 0 eng d | ||
| 020 | _cINR 175.00 | ||
| 024 | _a134262 | ||
| 037 |
_b0281, 08/03/2017, Bookwell Publications _cTextual |
||
| 040 |
_aSDCL _cSDCL _beng |
||
| 041 |
_2eng _aeng |
||
| 082 | _a0-,3NBR, N0 LR | ||
| 100 |
_aBond Ruskin _9393714 |
||
| 245 | 0 | _aDust on the mountain | |
| 260 |
_aGurgaon _bPuffin Books _c1990 |
||
| 300 |
_a64p. _ccm. |
||
| 650 | _aReference | ||
| 942 |
_h0-,3NBR, N0 LR _cTEXL _2CC |
||
| 999 |
_c738728 _d738728 |
||